BSOP header

全人关怀-21世纪宣教的再思 Caring for the whole person : (Record no. 4809)

MARC details
000 -LEADER
fixed length control field 00781nam a2200193 4500
008 - FIXED-LENGTH DATA ELEMENTS--GENERAL INFORMATION
fixed length control field 011113s1996 ch chiYA
090 ## - LOCALLY ASSIGNED LC-TYPE CALL NUMBER (OCLC); LOCAL CALL NUMBER (OCLC)
Classification number (OCLC) (R) ; Classification number, CALL (RLIN) (NR) BJ1475
Local cutter number (OCLC) ; Book number/undivided call number, CALL (RLIN) L63
100 1# - MAIN ENTRY--PERSONAL NAME
Personal name 林治平 Lin Zhe Ping
245 10 - TITLE STATEMENT
Title 全人关怀-21世纪宣教的再思 Caring for the whole person :
Remainder of title rethinking 21st century mission{ch} /
Statement of responsibility, etc Lin Zhe Ping.
260 ## - PUBLICATION, DISTRIBUTION, ETC. (IMPRINT)
Place of publication, distribution, etc Taiwan :
Name of publisher, distributor, etc 宇宙光出版 Cosmic Light Media Center,
Date of publication, distribution, etc c1996.
300 ## - PHYSICAL DESCRIPTION
Extent 184 p.
500 ## - GENERAL NOTE
General note Cosmic Light- 23rd Anniversay Testimonies
650 #4 - SUBJECT ADDED ENTRY--TOPICAL TERM
Topical term or geographic name as entry element Caring{ch}.
650 #4 - SUBJECT ADDED ENTRY--TOPICAL TERM
Topical term or geographic name as entry element Helping behavior{ch}.
650 #4 - SUBJECT ADDED ENTRY--TOPICAL TERM
Topical term or geographic name as entry element Sympathy{ch}.
650 #4 - SUBJECT ADDED ENTRY--TOPICAL TERM
Topical term or geographic name as entry element 宇宙光二十三周年感恩见证集 Cosmic Light, 23rd Anniversary
General subdivision Addresses, essays, lectures{ch}.
951 ## - EQUIVALENCE OR CROSS-REFERENCE-GEOGRAPHIC NAME/AREA NAME [OBSOLETE] [CAN/MARC only]
General subdivision 00010646
951 ## - EQUIVALENCE OR CROSS-REFERENCE-GEOGRAPHIC NAME/AREA NAME [OBSOLETE] [CAN/MARC only]
-- C-3891
-- BJ1475/L63
-- 070613111016843
-- 2000-12-21
-- CH
942 00 - ADDED ENTRY ELEMENTS (KOHA)
Koha issues (borrowed), all copies 1
Holdings
Withdrawn status Lost status Damaged status Not for loan Home library Current library Shelving location Date acquired Accession number Shelving control number Total Checkouts Total Renewals Full call number Barcode Date last seen Date last borrowed Price effective from Koha item type
        BSOP Library BSOP Library Chinese Books (General Circulation) 12/21/2000 C-3891 127 1 1 BJ1475/L63 00010646 01/05/2015 12/20/2014 02/23/2013 Books
BSOP

Biblical Seminary of the Philippines
  All rights Reserved
  © 2024

CONTACT INFORMATION

Biblical Seminary of the Philippines,
  77-B Karuhatan Road, Valenzuela City,
  PHILIPPINES 1441
  Phone: +632 8292-6795 / 8292-6798
  Fax : +632 8292-6675
  Email: library@bsop.edu.ph